Сверхтонкая структура спектров ЭПР свободных радикалов: Курс лекций; Ч. 1

Dettagli Bibliografici
Autore principale: Бажин Н. М.
Altri autori: Цветков Ю. Д.
Lingua:russo
Pubblicazione: Новосибирск, Изд-во НГУ, 1971
Soggetti:
Natura: Libro
KOHA link:https://koha.lib.tpu.ru/cgi-bin/koha/opac-detail.pl?biblionumber=64767

MARC

LEADER 00000nam0a2200000 4500
001 64767
005 20231101212144.0
035 |a (RuTPU)RU\TPU\book\68742 
090 |a 64767 
100 |a 20040608d1971 m y0rusy50 ca 
101 0 |a rus 
102 |a RU 
105 |a a j 001zy 
200 1 |a Сверхтонкая структура спектров ЭПР свободных радикалов  |e Курс лекций  |h Ч. 1  |f Н. М. Бажин, Ю. Д. Цветков 
210 |a Новосибирск  |c Изд-во НГУ  |d 1971 
215 |a 186 с.  |c ил. 
320 |a Библиогр.: с. 182-184 
606 1 |a Радикалы свободные  |x Химия  |2 stltpush  |3 (RuTPU)RU\TPU\subj\70569  |9 84788 
610 1 |a органическая химия 
610 1 |a спектры 
610 1 |a ЭПР 
610 1 |a учебные пособия 
675 |a 54.024  |v 3 
700 1 |a Бажин  |b Н. М. 
701 1 |a Цветков  |b Ю. Д. 
801 1 |a RU  |b 63413507  |c 20040608  |g PSBO 
801 2 |a RU  |b 63413507  |c 20140704  |g RCR 
942 |c BK